[Event "Verbandsliga MV 2014-15"]
[Site "Mecklenburg-Vorpommern"]
[Date "2014.11.23"]
[Round "3.8"]
[White "Podolskiy, Alexander"]
[Black "Loesche, Richard"]
[Result "1-0"]
[WhiteElo "1828"]
[BlackElo "1495"]
[PlyCount "63"]
[EventType "team-tourn"]
[EventRounds "9"]
[WhiteTeam "ASV Gruen-Weiss Wismar"]
[BlackTeam "FHSG Stralsund"]

1. e4 e5 2. Nf3 Nc6 3. Bc4 Be7 4. d4 exd4 5. Nxd4 Nf6 6. Nc3 d6 7. f4 O-O 8.
O-O Na5 9. Be2 c5 10. Nf3 Nc6 11. e5 dxe5 12. fxe5 Nd7 13. Bf4 Nd4 14. Ne4
Nxe2+ 15. Qxe2 Nb6 16. Rad1 Qc7 17. Nfg5 Be6 18. Nxe6 (18. Nf6+ $1 Bxf6 (18...
gxf6 19. exf6 Bxf6 20. Qh5 Bf5 21. Bxc7) 19. exf6 Qc6 20. Rd6) 18... fxe6 19.
Qg4 (19. Nf6+ $1 Kh8 20. Qh5 Bxf6 21. exf6) 19... Rf5 20. Nd6 (20. Ng3 $18)
20... Bxd6 21. Rxd6 (21. exd6 Qf7 22. Be3) 21... Qf7 22. g3 Rf8 (22... g5 $1
23. c4 (23. Rdd1 Rf8) 23... Kh8) 23. Rfd1 Rxf4 $4 (23... Nd5 24. c4 h5 $19) 24.
gxf4 Qg6 25. Qxg6 hxg6 26. Rxe6 Kh7 27. Re7 Rxf4 28. Rxb7 Nc4 29. Re1 Nd2 30.
Kg2 Ne4 31. Re2 a6 32. e6 1-0

[Event "Verbandsliga MV 2014-15"]
[Site "Mecklenburg-Vorpommern"]
[Date "2014.11.23"]
[Round "3.1"]
[White "Dettmann, Gerd"]
[Black "Weber, Max"]
[Result "0-1"]
[WhiteElo "2139"]
[BlackElo "2167"]
[PlyCount "98"]
[EventType "team-tourn"]
[EventRounds "9"]
[WhiteTeam "SG Güstrow/Teterow"]
[BlackTeam "SSC Rostock 07  II"]

1. e4 c5 2. Nf3 e6 3. d4 cxd4 4. Nxd4 a6 5. c4 Nf6 6. Nc3 Qc7 7. Be2 Bb4 8. Qd3
b6 9. O-O Bb7 10. Bf3 Nc6 11. Nxc6 Bxc6 12. a3 Bd6 13. g3 O-O 14. Re1 Rac8 15.
Be3 Be5 16. Rac1 Qb7 17. Bd4 d6 18. b4 Rfd8 19. b5 Be8 20. Na4 Nd7 21. Bg2 Nc5
22. Bxc5 dxc5 23. Qb3 axb5 24. cxb5 Rd2 25. Rcd1 Rcd8 26. Rxd2 Rxd2 27. Rd1 c4
28. Qb1 c3 29. Rxd2 cxd2 30. Bf3 Qd7 31. Nxb6 Qc7 32. Qd3 Qxb6 33. a4 Qa5 34.
Bd1 g6 35. Kf1 Bc7 36. Qc4 Bd6 37. Ke2 Qb4 38. Kd3 Kf8 39. f4 e5 40. Qxb4 Bxb4
41. Kc4 Ba5 42. fxe5 Ke7 43. Kc5 Bd7 44. b6 Kd8 45. g4 Kc8 46. e6 Bxe6 47. Kb5
Bc3 48. a5 Bd7+ 49. Ka6 Kb8 0-1

[Event "Verbandsliga MV 2014-15"]
[Site "Mecklenburg-Vorpommern"]
[Date "2014.11.23"]
[Round "3.2"]
[White "Engel, Gunnar"]
[Black "Waschk, Armin"]
[Result "0-1"]
[WhiteElo "2016"]
[BlackElo "2086"]
[PlyCount "92"]
[EventType "team-tourn"]
[EventRounds "9"]
[WhiteTeam "SSC Rostock 07  II"]
[BlackTeam "SG Güstrow/Teterow"]

1. d4 Nf6 2. Nf3 e6 3. e3 c5 4. Bd3 Nc6 5. O-O d5 6. b3 Bd7 7. a3 Rc8 8. Bb2
Be7 9. Nbd2 O-O 10. Ne5 a6 11. f4 b5 12. dxc5 Bxc5 13. Qf3 Ne8 14. Kh1 f5 15.
Rad1 Nf6 16. Qg3 Be8 17. Ndf3 Qe7 18. Nxc6 Bxc6 19. Nd4 Be8 20. Qh4 Rc7 21. Qe1
Bh5 22. Rc1 Rfc8 23. Qh4 Bf7 24. Ra1 Ne4 25. Qe1 Be8 26. Nf3 Bd6 27. Qa5 Nc5
28. Rac1 Bc6 29. Ne5 Bb7 30. Be2 Bxe5 31. fxe5 Qg5 32. Bf3 Qxe3 33. Rce1 Qg5
34. Bc1 Qh4 35. g3 Qe7 36. Qb4 Ne4 37. Qxe7 Rxe7 38. Bd1 d4 39. Kg1 d3 40. cxd3
Rxc1 41. dxe4 Bxe4 42. b4 Rc3 43. a4 Rc4 44. Rf2 Rxb4 45. axb5 axb5 46. Ra2 Rd7
0-1

[Event "Verbandsliga MV 2014-15"]
[Site "Mecklenburg-Vorpommern"]
[Date "2014.11.23"]
[Round "3.3"]
[White "Luther, Alexander"]
[Black "Pererva, Viktor"]
[Result "0-1"]
[WhiteElo "1928"]
[BlackElo "2013"]
[PlyCount "48"]
[EventType "team-tourn"]
[EventRounds "9"]
[WhiteTeam "SG Güstrow/Teterow"]
[BlackTeam "SSC Rostock 07  II"]

1. e4 e5 2. Nf3 Nc6 3. Bc4 Nf6 4. Ng5 d5 5. exd5 b5 6. Bf1 Nd4 7. c3 Nxd5 8.
cxd4 Qxg5 9. Bxb5+ Kd8 10. Qf3 Bb7 11. Nc3 exd4 12. Ne2 Bc5 13. Qxf7 Nf6 14. d3
Bb4+ 15. Kd1 Qxb5 16. Nf4 Re8 17. Qxg7 Qe5 18. a3 Bf8 19. Qg3 Bd5 20. Kc2 Rb8
21. Bd2 Bb3+ 22. Kb1 Bd6 23. Qh4 Kc8 24. f3 Qb5 0-1

[Event "Verbandsliga MV 2014-15"]
[Site "Mecklenburg-Vorpommern"]
[Date "2014.11.23"]
[Round "3.4"]
[White "Brack, Peter"]
[Black "Dettmann, Holger"]
[Result "1-0"]
[WhiteElo "1982"]
[BlackElo "1905"]
[PlyCount "78"]
[EventType "team-tourn"]
[EventRounds "9"]
[WhiteTeam "SSC Rostock 07  II"]
[BlackTeam "SG Güstrow/Teterow"]

1. d4 Nf6 2. Nf3 e6 3. e3 b6 4. Bd3 Bb7 5. Nbd2 d5 6. Qe2 Nbd7 7. O-O Bd6 8. e4
dxe4 9. Nxe4 Nxe4 10. Bxe4 Bxe4 11. Qxe4 O-O 12. Bg5 Nf6 13. Qe2 h6 14. Bh4 Be7
15. Rad1 Qd5 16. c4 Qb7 17. d5 e5 18. Qxe5 Rfe8 19. Qc3 Ne4 20. Qc2 Bxh4 21.
Nxh4 b5 22. Rd4 Nf6 23. b3 bxc4 24. bxc4 Rab8 25. Nf5 Re5 26. Rd2 Ne4 27. Re2
Rxf5 28. Rxe4 Rf6 29. h3 Qb4 30. Rfe1 g6 31. c5 Qb5 32. Re7 Qa5 33. Re8+ Rxe8
34. Rxe8+ Kg7 35. Re2 Qb4 36. Rd2 Qa3 37. Rd3 Qb4 38. a3 Qe4 39. Qc3 Kh7 1-0

[Event "Verbandsliga MV 2014-15"]
[Site "Mecklenburg-Vorpommern"]
[Date "2014.11.23"]
[Round "3.5"]
[White "Kiel, Bernd"]
[Black "Mangold, Thomas"]
[Result "0-1"]
[WhiteElo "1896"]
[BlackElo "1922"]
[PlyCount "48"]
[EventType "team-tourn"]
[EventRounds "9"]
[WhiteTeam "SG Güstrow/Teterow"]
[BlackTeam "SSC Rostock 07  II"]

1. e4 e5 2. Nf3 Nc6 3. c3 d5 4. Qa4 f6 5. exd5 Qxd5 6. Bb5 Bd7 7. O-O e4 8. Re1
O-O-O 9. Nd4 Nxd4 10. Bxd7+ Qxd7 11. Qxa7 Nc6 12. Qa8+ Nb8 13. Rxe4 Re8 14. f3
Rxe4 15. fxe4 Bc5+ 16. d4 Bxd4+ 17. Kf1 Be5 18. Na3 Qd1+ 19. Kf2 Bxh2 20. Bf4
Bg1+ 21. Kg3 Qxa1 22. Bxc7 Qe1+ 23. Kh3 Qe3+ 24. Bg3 Qa7 0-1

[Event "Verbandsliga MV 2014-15"]
[Site "Mecklenburg-Vorpommern"]
[Date "2014.11.23"]
[Round "3.6"]
[White "Celmer, Ole"]
[Black "Fidorra, Thomas"]
[Result "1/2-1/2"]
[WhiteElo "1912"]
[BlackElo "1879"]
[PlyCount "94"]
[EventType "team-tourn"]
[EventRounds "9"]
[WhiteTeam "SSC Rostock 07  II"]
[BlackTeam "SG Güstrow/Teterow"]

1. e4 c5 2. c3 Qa5 3. Nf3 Nc6 4. Be2 Nf6 5. d3 d6 6. O-O g6 7. Nbd2 Bg7 8. Nc4
Qc7 9. Bf4 e5 10. Bg5 Be6 11. Ne3 Ne7 12. Bxf6 Bxf6 13. d4 O-O 14. d5 Bd7 15.
Nd2 Bg5 16. Ndc4 Bxe3 17. fxe3 f6 18. Bg4 b5 19. Bxd7 Qxd7 20. Nd2 c4 21. Qe2
Kg7 22. Rf3 Rf7 23. a4 Rc8 24. Qf1 a6 25. axb5 Qxb5 26. Ra2 a5 27. Qa1 Rc5 28.
Qe1 Qb6 29. Qh4 f5 30. Rh3 Kg8 31. Rf3 f4 32. Qf2 g5 33. exf4 gxf4 34. Nxc4 Qb3
35. Nxd6 Rxd5 36. exd5 Qxa2 37. Nxf7 Kxf7 38. Qa7 Qxd5 39. b4 axb4 40. cxb4 Kf6
41. Qa6+ Nc6 42. b5 Qd4+ 43. Kf1 Qd1+ 44. Kf2 Qd4+ 45. Ke2 Qb2+ 46. Kf1 Qc1+
47. Kf2 Qc5+ 1/2-1/2

[Event "Verbandsliga MV 2014-15"]
[Site "Mecklenburg-Vorpommern"]
[Date "2014.11.23"]
[Round "3.7"]
[White "Ebert, Lutz"]
[Black "Schumann, Rabea"]
[Result "1/2-1/2"]
[WhiteElo "1736"]
[BlackElo "1809"]
[PlyCount "61"]
[EventType "team-tourn"]
[EventRounds "9"]
[WhiteTeam "SG Güstrow/Teterow"]
[BlackTeam "SSC Rostock 07  II"]

1. Nf3 d5 2. b4 Nf6 3. Bb2 Nbd7 4. d4 e6 5. b5 Be7 6. e3 O-O 7. Be2 b6 8. O-O
a6 9. a4 axb5 10. axb5 Rxa1 11. Bxa1 Bb7 12. Nbd2 c6 13. c4 dxc4 14. Bxc4 Qc7
15. Qb3 Ra8 16. Bb2 cxb5 17. Bxe6 fxe6 18. Qxe6+ Kf8 19. Ng5 Bd5 20. Nxh7+ Ke8
21. Qf5 Rc8 22. Qg6+ Bf7 23. Qxg7 Nxh7 24. Qxh7 Qc2 25. Qxc2 Rxc2 26. Bc1 Bb4
27. Rd1 Nf6 28. f3 Bxd2 29. Bxd2 Bb3 30. Rb1 Ba2 31. Rd1 1/2-1/2

[Event "Verbandsliga MV 2014-15"]
[Site "Mecklenburg-Vorpommern"]
[Date "2014.11.23"]
[Round "3.8"]
[White "Hodl, Ingolf"]
[Black "Armbruester, Clemens"]
[Result "1/2-1/2"]
[WhiteElo "1932"]
[BlackElo "1697"]
[PlyCount "36"]
[EventType "team-tourn"]
[EventRounds "9"]
[WhiteTeam "SSC Rostock 07  II"]
[BlackTeam "SG Güstrow/Teterow"]

1. g3 e6 2. Bg2 d5 3. d3 Nf6 4. Nf3 c5 5. Nbd2 Nc6 6. O-O Be7 7. c3 O-O 8. e4
Qc7 9. Re1 e5 10. exd5 Nxd5 11. Qe2 f6 12. d4 cxd4 13. Qc4 Be6 14. Nxd4 Nxd4
15. Bxd5 Qxc4 16. Bxc4 Nf3+ 17. Nxf3 Bxc4 18. Be3 Rfd8 1/2-1/2

[Event "Verbandsliga MV 2014-15"]
[Site "Mecklenburg-Vorpommern"]
[Date "2014.11.23"]
[Round "3.1"]
[White "Schinke, Andreas"]
[Black "Moeller, Peter"]
[Result "1-0"]
[WhiteElo "2042"]
[BlackElo "2001"]
[PlyCount "61"]
[EventType "team-tourn"]
[EventRounds "9"]
[WhiteTeam "SV Blau-Weiss Grevesmuehlen"]
[BlackTeam "HSG Uni Rostock"]

1. e4 c6 2. d4 g6 3. Nc3 d5 4. h3 Bg7 5. Nf3 Nf6 6. Bd3 dxe4 7. Nxe4 Nxe4 8.
Bxe4 Nd7 9. O-O Nf6 10. Bd3 O-O 11. Re1 Qc7 12. Qe2 Re8 13. Ne5 Be6 14. c3 Nd7
15. Nf3 c5 16. Ng5 Nf8 17. dxc5 Qxc5 18. Nxe6 Nxe6 19. Bc4 Nc7 20. Be3 Qc6 21.
Rad1 b5 22. Bb3 a5 23. Qg4 e6 24. a3 Red8 25. Bg5 Rxd1 26. Rxd1 Rb8 27. Qf4 Re8
28. Rd6 Qc5 29. Rd7 Qe5 30. Qxf7+ Kh8 31. Bf4 1-0

[Event "Verbandsliga MV 2014-15"]
[Site "Mecklenburg-Vorpommern"]
[Date "2014.11.23"]
[Round "3.3"]
[White "Naujok, Joerg"]
[Black "Giese, Guido"]
[Result "0-1"]
[WhiteElo "1958"]
[BlackElo "1911"]
[PlyCount "78"]
[EventType "team-tourn"]
[EventRounds "9"]
[WhiteTeam "SV Blau-Weiss Grevesmuehlen"]
[BlackTeam "HSG Uni Rostock"]

1. Nf3 g6 2. g3 Bg7 3. Bg2 Nf6 4. d3 d6 5. e4 c6 6. c3 Nbd7 7. O-O O-O 8. Nbd2
Qc7 9. Re1 Ne5 10. Qc2 Nxf3+ 11. Bxf3 c5 12. Nf1 Nd7 13. Bg2 Rb8 14. Ne3 e6 15.
f4 f5 16. Qb3 c4 17. dxc4 Nc5 18. Qc2 Nxe4 19. Bxe4 fxe4 20. Qxe4 b5 21. cxb5
Rxb5 22. Qc4 Qb6 23. a4 Rc5 24. a5 Qc6 25. Qe2 Bb7 26. Qg2 Qc8 27. Qe2 e5 28.
Ng2 Qc6 29. Be3 Rb5 30. Bxa7 exf4 31. gxf4 g5 32. Ra4 Kh8 33. Bd4 gxf4 34.
Bxg7+ Kxg7 35. Rc4 Rc5 36. Qg4+ Kh8 37. Rxc5 Qxc5+ 38. Kh1 Rg8 39. b4 Qf2 0-1

[Event "Verbandsliga MV 2014-15"]
[Site "Mecklenburg-Vorpommern"]
[Date "2014.11.23"]
[Round "3.4"]
[White "Schwetlick, Thomas"]
[Black "Wecke, Thoralf"]
[Result "0-1"]
[WhiteElo "1853"]
[BlackElo "1909"]
[PlyCount "42"]
[EventType "team-tourn"]
[EventRounds "9"]
[WhiteTeam "HSG Uni Rostock"]
[BlackTeam "SV Blau-Weiss Grevesmuehlen"]

1. e4 Nf6 2. d3 d5 3. Nd2 e5 4. Ngf3 Nc6 5. g3 Bg4 6. Bg2 dxe4 7. dxe4 Qd7 8.
h3 Be6 9. Ng5 O-O-O 10. Nxe6 Qxe6 11. c3 Nd7 12. b4 Kb8 13. a4 g6 14. a5 Bh6
15. b5 Nc5 16. O-O Bxd2 17. bxc6 Bxc3 18. Qc2 Bxa1 19. Qxc5 Bd4 20. Qb4 Qxc6
21. Bd2 Qc5 0-1

[Event "Verbandsliga MV 2014-15"]
[Site "Mecklenburg-Vorpommern"]
[Date "2014.11.23"]
[Round "3.5"]
[White "Stiegler, Maik"]
[Black "Hantel, Thomas"]
[Result "1-0"]
[WhiteElo "1857"]
[BlackElo "1693"]
[PlyCount "141"]
[EventType "team-tourn"]
[EventRounds "9"]
[WhiteTeam "SV Blau-Weiss Grevesmuehlen"]
[BlackTeam "HSG Uni Rostock"]

1. d4 d5 2. c4 e6 3. Nc3 Nf6 4. Bg5 Be7 5. e3 h6 6. Bh4 O-O 7. Nf3 Nbd7 8. Be2
c6 9. O-O Ne4 10. Bxe7 Qxe7 11. Bd3 Nxc3 12. bxc3 e5 13. Be2 exd4 14. cxd4 dxc4
15. Bxc4 Nb6 16. Be2 Bf5 17. a4 Nd5 18. Qd2 Qb4 19. Rfc1 Qxd2 20. Nxd2 Rfe8 21.
Nc4 Rad8 22. Bf3 Be4 23. Bxe4 Rxe4 24. Rab1 Re7 25. Rb3 f6 26. Rcb1 Rdd7 27.
Kf1 Kf7 28. Ke2 b5 29. Na5 Re6 30. Rc1 bxa4 31. Ra3 Nb4 32. Kd2 Red6 33. Rxa4
Nd5 34. Rxc6 Nb6 35. Ra1 Nd5 36. Rxd6 Rxd6 37. Nb7 Rb6 38. Rxa7 Rb2+ 39. Ke1
Rb1+ 40. Ke2 Rb2+ 41. Kf3 g5 42. h3 h5 43. g4 h4 44. Nc5+ Ke8 45. Ne4 Rc2 46.
Ra5 Nb4 47. Nxf6+ Kd8 48. Ne4 Nd3 49. Rxg5 Ne1+ 50. Kf4 Nd3+ 51. Kf5 Nxf2 52.
Nxf2 Rxf2+ 53. Ke4 Rh2 54. Rh5 Rxh3 55. Rh7 Rh1 56. Ke5 h3 57. e4 h2 58. d5 Rg1
59. Rxh2 Rxg4 60. Rh7 Rg5+ 61. Kf6 Rg1 62. e5 Rf1+ 63. Ke6 Rg1 64. Kd6 Rg6+ 65.
e6 Kc8 66. Rh8+ Kb7 67. Kd7 Rg5 68. d6 Rg7+ 69. e7 Rf7 70. Ke6 Rg7 71. e8=Q 1-0

[Event "Verbandsliga MV 2014-15"]
[Site "Mecklenburg-Vorpommern"]
[Date "2014.11.23"]
[Round "3.6"]
[White "Schroeder, Christian"]
[Black "Haase, Sebastian"]
[Result "1/2-1/2"]
[WhiteElo "1852"]
[BlackElo "1745"]
[PlyCount "51"]
[EventType "team-tourn"]
[EventRounds "9"]
[WhiteTeam "HSG Uni Rostock"]
[BlackTeam "SV Blau-Weiss Grevesmuehlen"]

1. c4 Nf6 2. Nc3 d6 3. g3 g6 4. Bg2 Bg7 5. d4 O-O 6. Nf3 Nbd7 7. e4 e5 8. d5 a6
9. O-O h6 10. h3 Ne8 11. Be3 f5 12. Nh2 f4 13. Bd2 g5 14. g4 Ndf6 15. Nf3 Nxg4
16. hxg4 Bxg4 17. Qb3 Bc8 18. Nh2 g4 19. Ne2 f3 20. Nxf3 gxf3 21. Bxf3 Qf6 22.
Bg2 Qg6 23. Qg3 Qh5 24. f3 Rf6 25. Qh2 Qf7 26. Ng3 1/2-1/2

[Event "Verbandsliga MV 2014-15"]
[Site "Mecklenburg-Vorpommern"]
[Date "2014.11.23"]
[Round "3.7"]
[White "Gareis, Roberto"]
[Black "Ernst, Mathias"]
[Result "1-0"]
[WhiteElo "1823"]
[BlackElo "1630"]
[PlyCount "119"]
[EventType "team-tourn"]
[EventRounds "9"]
[WhiteTeam "SV Blau-Weiss Grevesmuehlen"]
[BlackTeam "HSG Uni Rostock"]

1. d4 Nf6 2. e3 d5 3. Bd3 g6 4. Nd2 Bg7 5. f4 O-O 6. Ngf3 b6 7. Qe2 c5 8. c3 a5
9. O-O Ba6 10. Bxa6 Nxa6 11. Ne5 Qd6 12. b3 Nd7 13. Bb2 f6 14. Nxd7 Qxd7 15. c4
e6 16. Nf3 Nb4 17. e4 Rfe8 18. Rfd1 Qc7 19. a3 dxe4 20. Qxe4 Qc6 21. Qxc6 Nxc6
22. dxc5 bxc5 23. Rd6 Rac8 24. Bc3 e5 25. fxe5 fxe5 26. Re1 a4 27. bxa4 Nd4 28.
Re4 Rb8 29. Rd5 Rb3 30. Bxd4 cxd4 31. Nxd4 Rxa3 32. a5 Rb8 33. Nc6 Rb1+ 34. Kf2
Rb2+ 35. Re2 Rxe2+ 36. Kxe2 e4 37. Ne5 Bxe5 38. Rxe5 Kf7 39. g4 Kf6 40. Rxe4
Rxa5 41. h4 h5 42. gxh5 Rxh5 43. Kd3 g5 44. hxg5+ Rxg5 45. Kd4 Rg1 46. Kd5 Rg5+
47. Kc6 Kf5 48. Rd4 Ke6 49. c5 Ke7 50. Kb6 Rg1 51. Kc7 Ra1 52. Re4+ Kf6 53. c6
Kf5 54. Re8 Rh1 55. Kd8 Rd1+ 56. Kc8 Kf6 57. c7 Rh1 58. Re2 Rd1 59. Rb2 Rg1 60.
Kb8 1-0

[Event "Verbandsliga MV 2014-15"]
[Site "Mecklenburg-Vorpommern"]
[Date "2014.11.23"]
[Round "3.8"]
[White "Lueth, Jochen"]
[Black "Wulff, Jens Peter"]
[Result "1/2-1/2"]
[WhiteElo "1631"]
[BlackElo "1638"]
[PlyCount "158"]
[EventType "team-tourn"]
[EventRounds "9"]
[WhiteTeam "HSG Uni Rostock"]
[BlackTeam "SV Blau-Weiss Grevesmuehlen"]

1. e4 c6 2. d4 g6 3. f4 d6 4. Nf3 Bg7 5. h3 Bd7 6. c3 Nh6 7. a4 O-O 8. Be2 a5
9. Nbd2 b5 10. axb5 cxb5 11. Qb3 a4 12. Qd1 Na6 13. Nf1 Qb8 14. Bd2 f5 15. e5
Be6 16. Ne3 Bb3 17. Qb1 dxe5 18. fxe5 f4 19. Ng4 Nc7 20. Nxh6+ Bxh6 21. Bd3 Qb6
22. Rg1 Nd5 23. Be4 Kh8 24. Qc1 Rac8 25. g4 b4 26. g5 Bg7 27. Rg4 Ne3 28. Bxe3
fxe3 29. Qxe3 bxc3 30. bxc3 Be6 31. Rg3 Qb2 32. Rc1 a3 33. Qd2 Rb8 34. d5 Bf5
35. Bxf5 Rxf5 36. d6 exd6 37. e6 Qxd2+ 38. Kxd2 Rd5+ 39. Ke3 a2 40. Ra1 Ra5 41.
Rg2 Rba8 42. Nd4 Bxd4+ 43. Kxd4 Re5 44. Rgxa2 Re8 45. Ra8 R5xe6 46. Rxe8+ Rxe8
47. Ra6 Re6 48. h4 Kg8 49. Kd5 Re5+ 50. Kd4 Rf5 51. Rxd6 Rf4+ 52. Ke5 Rxh4 53.
Rd4 Rh3 54. c4 Rg3 55. Kf6 Rf3+ 56. Ke6 Re3+ 57. Kd6 Kf7 58. Rd5 Re6+ 59. Kc7
Re4 60. c5 Ke6 61. Rd7 Kf5 62. Rxh7 Kxg5 63. c6 Kg4 64. Kd7 g5 65. c7 Rc4 66.
c8=Q Rxc8 67. Kxc8 Kg3 68. Kd7 g4 69. Ke6 Kf3 70. Ke5 g3 71. Rf7+ Ke3 72. Rc7
Kf3 73. Rf7+ Ke3 74. Rg7 Kf3 75. Kd4 g2 76. Kd3 Kf2 77. Rf7+ Ke1 78. Re7+ Kf2
79. Re2+ Kf3 1/2-1/2

[Event "Verbandsliga MV 2014-15"]
[Site "Mecklenburg-Vorpommern"]
[Date "2014.12.07"]
[Round "4.1"]
[White "Ruesch, Hans Joachim"]
[Black "Seiler, Dirk"]
[Result "0-1"]
[WhiteElo "1976"]
[BlackElo "2116"]
[PlyCount "56"]
[EventType "team-tourn"]
[EventRounds "9"]
[WhiteTeam "SF Ostsee Warnemuende"]
[BlackTeam "SG Güstrow/Teterow"]

1. d4 Nf6 2. c4 c5 3. d5 b5 4. cxb5 a6 5. b6 Qxb6 6. Nc3 Bb7 7. Nf3 e6 8. e4
Be7 9. Be2 exd5 10. exd5 O-O 11. O-O d6 12. Bg5 Nbd7 13. Qd2 Qc7 14. Nh4 Nb6
15. Nf5 Nfxd5 16. Nxd5 Nxd5 17. Bc4 Nf6 18. Bxf6 Bxf6 19. Qxd6 Qxd6 20. Nxd6
Bc6 21. Rab1 Rad8 22. Rfd1 g6 23. Bxa6 Bd4 24. Nb5 Be4 25. Na3 Bxb1 26. Rxb1
Ra8 27. Bb7 Rab8 28. Be4 Rxb2 0-1

[Event "Verbandsliga MV 2014-15"]
[Site "Mecklenburg-Vorpommern"]
[Date "2014.12.07"]
[Round "4.2"]
[White "Dettmann, Gerd"]
[Black "Schumacher, Dirk"]
[Result "0-1"]
[WhiteElo "2139"]
[BlackElo "1955"]
[PlyCount "42"]
[EventType "team-tourn"]
[EventRounds "9"]
[WhiteTeam "SG Güstrow/Teterow"]
[BlackTeam "SF Ostsee Warnemuende"]

1. e4 c5 2. Nf3 d6 3. d4 cxd4 4. Nxd4 Nf6 5. Nc3 a6 6. Bg5 e6 7. Qd2 Be7 8.
O-O-O b5 9. f3 O-O 10. h4 Bb7 11. g4 Nbd7 12. Kb1 Rc8 13. Be3 Ne5 14. g5 Nxf3
15. Nxf3 Nxe4 16. Nxe4 Bxe4 17. Be2 Rxc2 18. Qxc2 Bxc2+ 19. Kxc2 Qa8 20. Nd2
Qd5 21. Kb1 Qe5 0-1

[Event "Verbandsliga MV 2014-15"]
[Site "Mecklenburg-Vorpommern"]
[Date "2014.12.07"]
[Round "4.3"]
[White "Hamann, Dirk"]
[Black "Waschk, Armin"]
[Result "1/2-1/2"]
[WhiteElo "1892"]
[BlackElo "2086"]
[PlyCount "114"]
[EventType "team-tourn"]
[EventRounds "9"]
[WhiteTeam "SF Ostsee Warnemuende"]
[BlackTeam "SG Güstrow/Teterow"]

1. e4 c5 2. Nf3 Nc6 3. d4 cxd4 4. Nxd4 Nf6 5. Nc3 e5 6. Ndb5 d6 7. Bg5 a6 8.
Na3 Be7 9. Be2 b5 10. Bxf6 Bxf6 11. Nd5 O-O 12. O-O Bb7 13. c4 b4 14. Nc2 a5
15. Nxf6+ Qxf6 16. Ne3 Nd4 17. Bd3 Rfd8 18. Kh1 g6 19. Rc1 Rac8 20. Qg4 h5 21.
Qg3 Ne6 22. f3 Bc6 23. Rfd1 Kh7 24. h4 a4 25. Rd2 Qe7 26. Rcd1 b3 27. a3 Bb7
28. Qf2 Qf6 29. Bf1 Nd4 30. Bd3 Rc7 31. Qg3 Ne6 32. Qf2 Rdc8 33. Qg3 Rg8 34.
Bf1 Nd4 35. Qg5 Qe6 36. Qg3 f6 37. Kh2 Rf8 38. Bd3 Rg7 39. Qf2 Kh8 40. Rg1 f5
41. exf5 gxf5 42. f4 Rgf7 43. g3 Nf3+ 44. Kh3 Nxg1+ 45. Qxg1 Bf3 46. Qf2 e4 47.
Bf1 Rg7 48. Rd5 Rfg8 49. Kh2 Bg4 50. Qd2 Rg6 51. Be2 Rf8 52. Kg2 Kh7 53. Kf2
Bxe2 54. Qxe2 Kh6 55. Qd2 Qe7 56. Rxf5 Qe8 57. Rd5 Rgf6 1/2-1/2

[Event "Verbandsliga MV 2014-15"]
[Site "Mecklenburg-Vorpommern"]
[Date "2014.12.07"]
[Round "4.4"]
[White "Luther, Alexander"]
[Black "Wolke, Heiko"]
[Result "1-0"]
[WhiteElo "1928"]
[BlackElo "1950"]
[PlyCount "53"]
[EventType "team-tourn"]
[EventRounds "9"]
[WhiteTeam "SG Güstrow/Teterow"]
[BlackTeam "SF Ostsee Warnemuende"]

1. e4 c6 2. Nf3 d5 3. exd5 cxd5 4. Ne5 Nd7 5. d4 Ngf6 6. Bd3 g6 7. O-O Bg7 8.
f4 O-O 9. Nd2 a6 10. Kh1 Qc7 11. Qe1 b5 12. Qh4 Qd6 13. Ndf3 Ne4 14. c3 Ndf6
15. a4 b4 16. c4 dxc4 17. Bxc4 Be6 18. b3 Rac8 19. Bb2 Bd5 20. Rae1 e6 21. Ng5
Nd2 22. Rf2 Nxb3 23. Bxb3 Bxb3 24. Ng4 Nh5 25. d5 Bxb2 26. Rxb2 Bxd5 27. f5 {ZÜ
} 1-0

[Event "Verbandsliga MV 2014-15"]
[Site "Mecklenburg-Vorpommern"]
[Date "2014.12.07"]
[Round "4.5"]
[White "Birnbaum, Wolf Dieter"]
[Black "Dettmann, Holger"]
[Result "0-1"]
[WhiteElo "1784"]
[BlackElo "1905"]
[PlyCount "32"]
[EventType "team-tourn"]
[EventRounds "9"]
[WhiteTeam "SF Ostsee Warnemuende"]
[BlackTeam "SG Güstrow/Teterow"]

1. Nf3 d5 2. g3 Bf5 3. Bg2 Nc6 4. O-O Qd7 5. Re1 f6 6. Nh4 Bh3 7. Bh1 g5 8. Ng2
O-O-O 9. c4 e6 10. Nc3 h5 11. Qa4 h4 12. cxd5 exd5 13. gxh4 gxh4 14. d3 Qg7 15.
Kf1 Nge7 16. b4 Rg8 0-1

[Event "Verbandsliga MV 2014-15"]
[Site "Mecklenburg-Vorpommern"]
[Date "2014.12.07"]
[Round "4.6"]
[White "Kiel, Bernd"]
[Black "Schmidt, Reinhard"]
[Result "1-0"]
[WhiteElo "1896"]
[BlackElo "1815"]
[PlyCount "121"]
[EventType "team-tourn"]
[EventRounds "9"]
[WhiteTeam "SG Güstrow/Teterow"]
[BlackTeam "SF Ostsee Warnemuende"]

1. e4 c5 2. c3 e6 3. d4 d5 4. Nd2 Nf6 5. Bd3 Nc6 6. Ngf3 c4 7. Bc2 Be7 8. O-O
O-O 9. Re1 b5 10. e5 Ne8 11. Nf1 b4 12. Ng3 f5 13. exf6 Bxf6 14. Qe2 g6 15. Bh6
Ng7 16. Qe3 Bd7 17. h4 Re8 18. h5 Nf5 19. Qf4 Qb8 20. hxg6 hxg6 21. Qg4 Nxh6
22. Qxg6+ Bg7 23. Nh5 Re7 24. Qh7+ Kf8 25. Nxg7 Rxg7 26. Qxh6 Qd8 27. Re3 Qe7
28. Rae1 Kg8 29. Rxe6 Bxe6 30. Rxe6 Qd7 31. Rxc6 Qg4 32. Qe6+ Qxe6 33. Rxe6
bxc3 34. bxc3 Rb8 35. Ne5 Rgb7 36. Rg6+ Kf8 37. Bf5 Rb1+ 38. Bxb1 Rxb1+ 39. Kh2
Rc1 40. Rd6 Rxc3 41. Rxd5 Rc2 42. Ra5 Ke7 43. Rxa7+ Ke6 44. Rc7 Rxa2 45. f3 Kd5
46. Rxc4 Ra8 47. Rb4 Rg8 48. g4 Ke6 49. Kg3 Kd5 50. f4 Ke4 51. f5 Rf8 52. Ng6
Rf6 53. Nf4 Ra6 54. d5+ Ke5 55. Rb3 Ra1 56. Re3+ Kf6 57. Re6+ Kf7 58. d6 Rd1
59. Ng6 Kg8 60. Ne5 Kg7 61. d7 1-0

[Event "Verbandsliga MV 2014-15"]
[Site "Mecklenburg-Vorpommern"]
[Date "2014.12.07"]
[Round "4.7"]
[White "Feindura, Rene"]
[Black "Fidorra, Thomas"]
[Result "0-1"]
[WhiteElo "1846"]
[BlackElo "1879"]
[PlyCount "66"]
[EventType "team-tourn"]
[EventRounds "9"]
[WhiteTeam "SF Ostsee Warnemuende"]
[BlackTeam "SG Güstrow/Teterow"]

1. e4 c5 2. Nf3 e6 3. d4 cxd4 4. Nxd4 Nf6 5. Nc3 Nc6 6. Nxc6 bxc6 7. Bd3 d5 8.
O-O Be7 9. Re1 Qb6 10. b3 Ba6 11. Na4 Qb7 12. exd5 cxd5 13. Bb2 Bxd3 14. Qxd3
O-O 15. Bd4 Rac8 16. Re2 Rc6 17. Rae1 Rfc8 18. c3 Nd7 19. f4 Bf6 20. Re3 Qa6
21. Qd2 Bxd4 22. Qxd4 Nb6 23. Rg3 g6 24. f5 exf5 25. Rge3 Rf8 26. Re8 Rc8 27.
Rxf8+ Rxf8 28. Qf6 Qa5 29. Nb2 Qxa2 30. Nd3 Qxb3 31. Re7 Qb1+ 32. Ne1 Nc8 33.
Re2 Qb6+ 0-1

[Event "Verbandsliga MV 2014-15"]
[Site "Mecklenburg-Vorpommern"]
[Date "2014.12.07"]
[Round "4.8"]
[White "Ramp, Oliver"]
[Black "Sack, Reinhard"]
[Result "1-0"]
[WhiteElo "1806"]
[BlackElo "1304"]
[PlyCount "53"]
[EventType "team-tourn"]
[EventRounds "9"]
[WhiteTeam "SG Güstrow/Teterow"]
[BlackTeam "SF Ostsee Warnemuende"]

1. e4 e5 2. Nf3 Nc6 3. d4 exd4 4. Bc4 Bb4+ 5. c3 dxc3 6. bxc3 Qf6 7. O-O Bd6 8.
Bg5 Qg6 9. e5 Be7 10. Qd5 h6 11. Bf4 Qe6 12. Qd3 Qg6 13. Qd5 Qe6 14. Qe4 Nf6
15. Qd3 d5 16. exd6 Qg4 17. dxe7 Qxf4 18. Re1 Bf5 19. Qe2 Bg4 20. Nbd2 a6 21.
Rab1 b5 22. Bb3 Na5 23. Bc2 Be6 24. a4 Bc4 25. Nxc4 Nxc4 26. axb5 Na3 27. Rb4 {
ZÜ} 1-0